000 01202nam a2200349 a 4500
001 116692
003 FlNmELB
005 20241217174819.0
006 m o d |
007 cr cn|||||||||
008 201108r2010 sp |||||s|||||||||||spa d
020 _z9788476989500
035 _a(MiAaPQ)EBC3194606
035 _a(Au-PeEL)EBL3194606
035 _a(CaPaEBR)ebr10485986
035 _a(OCoLC)929291323
040 _aFlNmELB
_bspa
_cFlNmELB
050 4 _aKKT683
_bM116 2010
080 _a347.451(460)
082 0 4 _a346.46043
_222
100 1 _aMacías, José Ignacio.
245 1 0 _aCompradores incautos de viviendas nuevas
_h[recurso electronico] :
_bsoluciones prácticas /
_cJosé Ignacio Macías.
260 _aBarcelona :
_bBosch,
_c2010.
300 _a182 p.
533 _aRecurso electrónico. Santa Fe, Arg.: e-libro, 2015. Disponible vía World Wide Web. El acceso puede estar limitado para las bibliotecas afiliadas a e-libro.
650 0 _aViviendas
_xCompra
_zEspaña.
650 0 _aReal property
_zSpain.
650 0 _aPurchasing.
655 4 _aLibros electrónicos.
710 2 _ae-libro, Corp.
856 4 0 _uhttps://elibro.net/ereader/politecnicointernacional/52347
999 _c116692
_d116692